The Second Confession (Record no. 2178)

000 -LEADER
fixed length control field 00577nam a22002057a 4500
003 - CONTROL NUMBER IDENTIFIER
control field OSt
005 - DATE AND TIME OF LATEST TRANSACTION
control field 20210414094817.0
008 - FIXED-LENGTH DATA ELEMENTS--GENERAL INFORMATION
fixed length control field 210218s1975 ||||| |||| 00| 0 eng d
040 ## - CATALOGING SOURCE
Original cataloging agency eng
Language of cataloging eng
Transcribing agency DLC
041 ## - LANGUAGE CODE
Language code of text/sound track or separate title eng
080 ## - UNIVERSAL DECIMAL CLASSIFICATION NUMBER
Universal Decimal Classification number 821.111
Item number S-86
100 ## - MAIN ENTRY--PERSONAL NAME
9 (RLIN) 253
Personal name Stout, Rex
245 ## - TITLE STATEMENT
Title The Second Confession
Remainder of title : A Nero Wolfe Mystery
Statement of responsibility, etc. / by: Bantam Books
260 ## - PUBLICATION, DISTRIBUTION, ETC.
Place of publication, distribution, etc. New York
Name of publisher, distributor, etc. Bantam Books
Date of publication, distribution, etc. 1975
300 ## - PHYSICAL DESCRIPTION
Extent 197 p.
365 ## - TRADE PRICE
Price amount 1.25 usd
650 #0 - SUBJECT ADDED ENTRY--TOPICAL TERM
9 (RLIN) 254
Topical term or geographic name entry element English literature
653 ## - INDEX TERM--UNCONTROLLED
Uncontrolled term ინგლისური ლიტერატურა
942 ## - ADDED ENTRY ELEMENTS (KOHA)
Source of classification or shelving scheme
Koha item type Books
Holdings
Withdrawn status Lost status Source of classification or shelving scheme Damaged status Not for loan Permanent location Current location Date acquired Inventory number Total Checkouts Full call number Barcode Date last seen Price effective from Koha item type
          Ken Walker International University Ken Walker International University 03/11/2021 1903   821.111 S-86 1903 03/11/2021 03/11/2021 Books

Powered by Koha